Pays où l'arabe est la langue officielle - Statistiques

Statistiques générales
  • Ce quiz a été pris 254 fois
  • Le résultat moyen est 18 sur 23
Statistiques - réponses
Pays % Correct
Algérie
99%
Maroc
98%
Tunisie
96%
Arabie saoudite
94%
Égypte
92%
Irak
89%
Libye
89%
Yémen
89%
Émirats arabes unis
88%
Oman
86%
Qatar
86%
Soudan
84%
Syrie
83%
Liban
82%
Jordanie
81%
Mauritanie
79%
Koweït
76%
Bahreïn
71%
Somalie
67%
Tchad
66%
Djibouti
58%
Érythrée
50%
Comores
48%
Aucun quiz correspondant
Distribution des résultats
% des personnes avec chaque résultat
Percentile par nombre de réponses
Votre historique - résultats
Vous n’avez pas pris ce quiz